Statistics for Profession in the Lyrics #2

Click here to take the quiz!

General Stats

  • This quiz has been taken 18 times
  • The average score is 8 of 15

Answer Stats

Lyrics Profession % Correct
I shot the _______ / But I didn't shoot no deputySheriff
100%
You are the dancing _____, young and sweet, only seventeenQueen
100%
No more pencils / No more books / No more _______'s dirty looksTeacher
89%
I'm a _____, you know what I mean / And I do my little turn on the catwalkModel
83%
Hold me closer tiny ______ / Count the headlights on the highwayDancer
78%
______ McKenzie writing the words of a sermon that no one will hear / No one comes nearFather
67%
This used to be a funhouse / But now it's full of evil ______Clowns
56%
She was gonna be an _______ / She was gonna be a star / She was gonna shake her *** / On the hood of White Snake's carActress
50%
And the girls say / Save a horse, ride a ______Cowboy
44%
Savin' it up, for Friday night / With the _______ / We're the _______ of swingSultans
39%
Soon there'll be blood and many will die / Mothers and fathers back home they will cry / Skyyyyyy _____ / Skyyyyyy _____ / How high can you fly?Pilot
39%
Ride, _______, ride / Upon your mystery ship / Be amazed at the friends / You have here on your tripCaptain
28%
______ _____ man / ______ _____ man / They've given you a number and taken away your nameSecret agent
11%
Said her name was Georgia Rose / And her daddy was a _______Dentist
11%
I'm like the __________ / I call the shots / I'm like a firecracker / I make it hot / When I put on a showRingleader
6%

Score Distribution

Percentile by Number Answered

Percent of People with Each Score

Your Score History

You have not taken this quiz